| 000 | 00594nam a2200181Ia 4500 | ||
|---|---|---|---|
| 003 | GCL | ||
| 008 | 140319s9999 xx 000 0 ara d | ||
| 040 |
_aGCL / _cGCL |
||
| 082 | 0 | 4 |
_a224.2 _bا ف |
| 100 | 1 | _aابواوس ابراهيم الشمسان | |
| 245 | 1 | 0 |
_aالفعل فى القران الكريم: تحديدة ولزومة / _cابواوس ابراهيم الشمسان |
| 300 | _a841 ص | ||
| 490 |
_aمطبوعات الجامعة _v0 |
||
| 650 | 0 | 4 | _aالقران - بلاغة |
| 650 | 0 | 4 | _aالقران - اعراب |
| 650 | 0 | 4 | _aالقران - الفاظ |
| 942 |
_2ddc _cBK |
||
| 999 |
_c43673 _d43673 |
||